[Event "Belgrade-chT Premier"]
[Site "Belgrade"]
[Date "2023.09.30"]
[Round "2.4"]
[White "Orlov, Konstantin N"]
[Black "Martinovic, Veljko"]
[Result "1-0"]
[WhiteElo "2162"]
[BlackElo "2100"]
[PlyCount "109"]
[EventDate "2023.09.29"]
[EventType "team-tourn"]
[EventRounds "11"]
[EventCountry "SRB"]
[SourceTitle "CBM 216 Extra"]
[Source "ChessBase"]
[SourceDate "2023.11.30"]
[SourceVersion "1"]
[SourceVersionDate "2023.11.30"]
[SourceQuality "1"]
[WhiteTeam "Belgrade Radnicki"]
[BlackTeam "Belgrade Tehnicka Skola"]
[WhiteTeamCountry "SRB"]
[BlackTeamCountry "SRB"]

1. d4 Nf6 2. c4 g6 3. g3 Bg7 4. Bg2 0-0 5. Nf3 d6 6. 0-0 c6 7. Nc3 Be6 8. d5 cxd5 9. cxd5 Bd7 10. Qb3 Bc8 11. e4 a5 12. e5 dxe5 13. Nxe5 Na6 14. Be3 Nd7 15. Nd3 h6 16. Rac1 g5 17. Nb5 a4 18. Qxa4 Nc7 19. Qb3 Nxb5 20. Qxb5 Rxa2 21. Bh3 Ra8 22. Rxc8 Qxc8 23. Bxd7 Qc2 24. Rc1 Qe2 25. Re1 Qc2 26. Bf5 Rfe8 27. Qxb7 Rab8 28. Qc6 Qb3 29. Ba7 Rbd8 30. d6 e6 31. Bc5 Rf8 32. Be4 f5 33. Nc1 Qxb2 34. Bd3 Qc3 35. Rd1 Rc8 36. Qd7 Qxc5 37. Qxe6+ Kh8 38. Nb3 Qe5 39. Qxe5 Bxe5 40. d7 Rcd8 41. Nc5 Bd6 42. Ne6 Be7 43. Nxf8 Bxf8 44. Bxf5 Be7 45. Rc1 Kg7 46. Rc6 Bf6 47. Kg2 Kf7 48. Kf3 h5 49. Ke4 h4 50. Be6+ Kg6 51. Rc8 Be7 52. Ke5 Kg7 53. Bg4 hxg3 54. hxg3 Rf8 55. Ke6 1-0

[Event "Belgrade-chT Premier"]
[Site "Belgrade"]
[Date "2023.09.29"]
[Round "1.4"]
[White "Cobic, Vladimir"]
[Black "Martinovic, Veljko"]
[Result "1-0"]
[WhiteElo "2267"]
[BlackElo "2100"]
[PlyCount "55"]
[EventDate "2023.09.29"]
[EventType "team-tourn"]
[EventRounds "11"]
[EventCountry "SRB"]
[SourceTitle "CBM 216 Extra"]
[Source "ChessBase"]
[SourceDate "2023.11.30"]
[SourceVersion "1"]
[SourceVersionDate "2023.11.30"]
[SourceQuality "1"]
[WhiteTeam "Lila Ma Mladenovac"]
[BlackTeam "Belgrade Tehnicka Skola"]
[WhiteTeamCountry "SRB"]
[BlackTeamCountry "SRB"]

1. f4 Nf6 2. Nf3 d6 3. d3 g6 4. g3 Bg7 5. Bg2 0-0 6. 0-0 c6 7. c3 Nbd7 8. e4 Rb8 9. f5 c5 10. fxg6 hxg6 11. Qe2 e5 12. Bg5 b5 13. Nbd2 Qb6 14. Kh1 Bb7 15. a4 a6 16. a5 Qc7 17. c4 b4 18. Nh4 Nh7 19. Be3 Ndf6 20. h3 Qd7 21. Rf3 Rbe8 22. Kh2 Bc8 23. Rf2 Qc7 24. Ndf3 Qd7 25. Qd2 Nh5 26. Ng5 Nf4 27. gxf4 exf4 28. Bxf4 1-0

[Event "Belgrade Premier League"]
[Site "Belgrade"]
[Date "2021.10.12"]
[Round "11.1"]
[White "Martinovic, Veljko"]
[Black "Carnic, Dejan"]
[Result "1-0"]
[WhiteElo "2103"]
[BlackElo "2047"]
[PlyCount "60"]
[EventDate "2021.10.01"]
[EventType "team-tourn"]
[EventRounds "11"]
[EventCountry "SRB"]
[SourceTitle "CBM 204 Extra"]
[Source "ChessBase"]
[SourceDate "2021.11.30"]
[SourceVersion "1"]
[SourceVersionDate "2021.11.30"]
[SourceQuality "1"]
[WhiteTeam "Belgrade Tehnicka Skola"]
[BlackTeam "Romanticari"]
[WhiteTeamCountry "SRB"]
[BlackTeamCountry "SRB"]

1. e4 e5 2. Nf3 Nc6 3. Bb5 Nf6 4. d3 Bc5 5. c3 d6 6. Nbd2 0-0 7. h3 a6 8. Ba4 Ba7 9. 0-0 Ne7 10. Re1 Ng6 11. Nf1 h6 12. Be3 Nh7 13. Qd2 f5 14. Bb3+ Kh8 15. exf5 Bxf5 16. Bxa7 Rxa7 17. Qe3 Ra8 18. Ng3 Nf4 19. Nxf5 Rxf5 20. Kh2 c6 21. d4 Ng5 22. Nh4 exd4 23. cxd4 Rf8 24. Qe7 d5 25. g3 Qc8 26. g4 Rf7 27. Qe3 Nfxh3 28. Ng6+ Kh7 29. Bc2 Qc7+ 30. f4 Ne4 1-0

[Event "Belgrade-chT Quality"]
[Site "Belgrade"]
[Date "2019.10.29"]
[Round "9.5"]
[White "Martinovic, Veljko"]
[Black "Lozajic, Marko"]
[Result "1-0"]
[WhiteElo "2076"]
[BlackElo "2036"]
[PlyCount "109"]
[EventDate "2019.10.05"]
[EventType "team-tourn"]
[EventRounds "11"]
[EventCountry "SRB"]
[SourceTitle "EXT 2022"]
[Source "ChessBase"]
[SourceDate "2021.10.06"]
[SourceVersion "1"]
[SourceVersionDate "2021.10.06"]
[SourceQuality "1"]
[WhiteTeam "Belgrade Tehnicka Skola"]
[BlackTeam "NBSK"]
[WhiteTeamCountry "SRB"]
[BlackTeamCountry "SRB"]

1. e4 e6 2. d3 d5 3. Nd2 Nf6 4. g3 dxe4 5. dxe4 e5 6. Ngf3 Bc5 7. Bg2 Nc6 8. 0-0 0-0 9. c3 a5 10. Qc2 Qe7 11. Nc4 Rd8 12. Ne3 Bxe3 13. Bxe3 Be6 14. a4 Nd7 15. Nd2 Nc5 16. Rfd1 Rd7 17. Bxc5 Qxc5 18. Nb3 Rxd1+ 19. Rxd1 Qb6 20. Nd2 Rd8 21. Bf1 Bg4 22. Re1 Qc5 23. Nc4 Ne7 24. Ne3 Bf3 25. Bg2 Bxg2 26. Kxg2 Rd6 27. Rd1 c6 28. Rxd6 Qxd6 29. Nc4 Qc7 30. Qd3 h6 31. Qd6 Qxd6 32. Nxd6 b6 33. Nc4 Nc8 34. Nxe5 Nd6 35. Nxc6 Nxe4 36. Ne7+ Kf8 37. Nd5 Nc5 38. Nxb6 Ke7 39. b4 axb4 40. cxb4 Nd3 41. b5 Kd6 42. Nc4+ Kc5 43. Ne3 g6 44. Nd1 Kb6 45. Kf3 Ka5 46. Ke3 Ne5 47. Ke4 f6 48. f4 Ng4 49. h3 f5+ 50. Kd5 Nf6+ 51. Kc6 g5 52. Ne3 g4 53. hxg4 fxg4 54. Nc4+ Kxa4 55. b6 1-0

[Event "Belgrade-chT Quality"]
[Site "Belgrade"]
[Date "2019.10.27"]
[Round "8.5"]
[White "Postic, Dragisa"]
[Black "Martinovic, Veljko"]
[Result "1-0"]
[WhiteElo "2248"]
[BlackElo "2076"]
[PlyCount "163"]
[EventDate "2019.10.05"]
[EventType "team-tourn"]
[EventRounds "11"]
[EventCountry "SRB"]
[SourceTitle "EXT 2022"]
[Source "ChessBase"]
[SourceDate "2021.10.06"]
[SourceVersion "1"]
[SourceVersionDate "2021.10.06"]
[SourceQuality "1"]
[WhiteTeam "Polet"]
[BlackTeam "Belgrade Tehnicka Skola"]
[WhiteTeamCountry "SRB"]
[BlackTeamCountry "SRB"]

1. e4 e5 2. Nf3 Nc6 3. Bc4 Be7 4. 0-0 Nf6 5. d3 0-0 6. c3 d6 7. a4 Bg4 8. h3 Bh5 9. Nbd2 a5 10. Re1 Bg6 11. Nf1 Nh5 12. g4 Nf6 13. Ng3 Nd7 14. Be3 Kh8 15. Qb3 b6 16. Bd5 Ndb8 17. Qc4 Qd7 18. h4 Qxg4 19. Nh2 Qxh4 20. Bxc6 Nxc6 21. Qxc6 Rac8 22. Qd7 Rfd8 23. Qg4 Qxg4 24. Nxg4 h5 25. Nh2 f6 26. d4 Be8 27. d5 g6 28. Nf3 Kh7 29. b4 Ra8 30. b5 Bd7 31. Kg2 Rh8 32. Rh1 Kg7 33. Rag1 Rag8 34. Kf1 Kf7 35. Nh4 Bg4 36. f3 Bd7 37. Kf2 g5 38. Nhf5 h4 39. Ne2 Bd8 40. Nc1 Bc8 41. Nb3 Ke8 42. Nd2 Bxf5 43. exf5 Kd7 44. Ne4 Rf8 45. Rg4 Rh5 46. Kg2 Be7 47. Kh3 Bd8 48. Rg2 Rh7 49. c4 Be7 50. Bd2 Kc8 51. Bc3 Kd7 52. Rd1 Rd8 53. f4 gxf4 54. Rg6 Rf8 55. Rh1 Ke8 56. Kg4 Kf7 57. Be1 Rg8 58. Rxg8 Kxg8 59. Bxh4 Kf7 60. Nf2 Rg7+ 61. Kf3 Rh7 62. Rh2 Rg7 63. Ng4 Rh7 64. Be1 Rxh2 65. Nxh2 Bf8 66. Ng4 Be7 67. Nf2 Kg7 68. Ne4 Kf7 69. Nd2 Bd8 70. Nb3 Ke8 71. Kg4 Be7 72. Bxa5 bxa5 73. Nxa5 Kd7 74. Nc6 Bf8 75. a5 Kc8 76. Nb4 Kb7 77. Nd3 Ka7 78. Nf2 f3 79. Kxf3 Bh6 80. Ne4 Bg7 81. Kg4 Kb7 82. Kh5 1-0

[Event "Belgrade-chT"]
[Site "Belgrade"]
[Date "2014.05.05"]
[Round "1"]
[White "Martinovic, Veljko"]
[Black "Skare, Goran"]
[Result "0-1"]
[WhiteElo "2134"]
[BlackElo "2306"]
[PlyCount "78"]
[EventDate "2014.05.05"]
[EventType "swiss"]
[EventRounds "5"]
[EventCountry "SRB"]
[SourceTitle "CBM 160 Extra"]
[Source "ChessBase"]
[SourceDate "2014.07.01"]
[SourceVersion "1"]
[SourceVersionDate "2014.07.01"]
[SourceQuality "1"]

1. e4 e6 2. d4 d5 3. Nc3 Bb4 4. exd5 exd5 5. Qf3 Nc6 6. Bb5 Nge7 7. Nge2 Bf5 8. Bd3 Bxd3 9. Qxd3 Qd7 10. Ng3 h5 11. h4 Qg4 12. Be3 0-0-0 13. a3 Bxc3+ 14. bxc3 Na5 15. Rh3 Nc4 16. Kf1 Rd6 17. Bg5 f6 18. f3 Qd7 19. Bf4 Ra6 20. Kf2 Rxa3 21. Rhh1 Rxa1 22. Rxa1 a5 23. Bc1 g6 24. Ne4 Qc6 25. Nd2 b6 26. Nxc4 dxc4 27. Qe3 Nf5 28. Qf4 Kd7 29. Ba3 Re8 30. Rd1 Qe6 31. Qd2 Qe3+ 32. Qxe3 Nxe3 33. Rd2 Nd5 34. Bb2 b5 35. Rd1 b4 36. cxb4 axb4 37. Bc1 Ra8 38. Bd2 Ra2 39. Bh6 Rxc2+ 0-1

[Event "Belgrade-chT Quality"]
[Site "Belgrade"]
[Date "2012.10.31"]
[Round "9.3"]
[White "Martinovic, Veljko"]
[Black "Mitrovic, Vladan"]
[Result "1-0"]
[WhiteElo "2168"]
[BlackElo "1937"]
[PlyCount "107"]
[EventDate "2012.10.13"]
[EventType "team-tourn"]
[EventRounds "11"]
[EventCountry "SRB"]
[SourceTitle "EXT 2019"]
[Source "ChessBase"]
[SourceDate "2018.10.10"]
[SourceVersion "1"]
[SourceVersionDate "2018.10.10"]
[SourceQuality "1"]

1. e4 e6 2. d4 b6 3. c4 c5 4. d5 d6 5. Nc3 e5 6. f4 Nd7 7. Nf3 f6 8. f5 g6 9. Nh4 Ne7 10. Be2 Bg7 11. g4 g5 12. Nf3 h6 13. h4 Ng8 14. Be3 a5 15. Qd2 Nf8 16. b3 Bd7 17. Bd1 Nh7 18. Kf2 Kf8 19. Rb1 Be8 20. h5 Ne7 21. Be2 Kf7 22. a3 Qc7 23. Rb2 Bd7 24. Rhb1 Ra7 25. b4 axb4 26. axb4 Rha8 27. bxc5 bxc5 28. Qc2 Nc8 29. Rb3 Bf8 30. Qb2 Be7 31. Ne1 Nf8 32. Nc2 Qd8 33. Ra3 Qe8 34. Rxa7 Rxa7 35. Qb8 Qd8 36. Bd2 Be8 37. Qb3 Kg8 38. Na3 Nd7 39. Nab5 Ra6 40. Rb2 Kg7 41. Ra2 Rxa2 42. Qxa2 Ndb6 43. Qa6 Bxb5 44. Nxb5 Qd7 45. Ba5 Bd8 46. Ke3 Kh7 47. Kd3 Kg8 48. Bd1 Kg7 49. Bb3 Kh7 50. Kc3 Kg7 51. Kb2 Kh7 52. Bxb6 Nxb6 53. Na7 Kg7 54. Ka3 1-0

[Event "Belgrade-chT Quality"]
[Site "Belgrade"]
[Date "2012.10.20"]
[Round "3"]
[White "Poleksic, Miodrag"]
[Black "Martinovic, Veljko"]
[Result "1/2-1/2"]
[WhiteElo "2182"]
[BlackElo "2168"]
[PlyCount "95"]
[EventDate "2012.10.13"]
[EventType "team-tourn"]
[EventRounds "11"]
[EventCountry "SRB"]
[SourceTitle "EXT 2019"]
[Source "ChessBase"]
[SourceDate "2018.10.10"]
[SourceVersion "1"]
[SourceVersionDate "2018.10.10"]
[SourceQuality "1"]

1. d4 Nf6 2. c4 g6 3. Nc3 Bg7 4. e4 0-0 5. Nf3 d6 6. Be2 e5 7. 0-0 exd4 8. Nxd4 Re8 9. f3 Nh5 10. Be3 f5 11. Qd2 f4 12. Bf2 Be5 13. Rfd1 Qf6 14. Rac1 Na6 15. a3 Nc5 16. b4 Ne6 17. Nd5 Qg7 18. Nxe6 Bxe6 19. Bd4 c6 20. Bxe5 dxe5 21. Nc3 g5 22. Qe1 Nf6 23. Rd6 Kh8 24. Rcd1 Qe7 25. c5 Rg8 26. Qf1 g4 27. Rxe6 Qxe6 28. Bc4 Qe7 29. Bxg8 Rxg8 30. Rd6 gxf3 31. Qxf3 Ng4 32. Nd1 Qh4 33. h3 Nf6 34. Qe2 Rg3 35. Rd3 Qxh3 36. Rxg3 Qxg3 37. Nf2 Qxa3 38. Ng4 Nxg4 39. Qxg4 Qe3+ 40. Kf1 Qd3+ 41. Kg1 Qxe4 42. Qc8+ Kg7 43. Qxb7+ Kg6 44. Qb8 Qd4+ 45. Kh2 Qd5 46. Qe8+ Kf6 47. Qh8+ Kg6 48. Qe8+ 1/2-1/2

[Event "Belgrade tt Cup"]
[Site "Belgrade"]
[Date "2012.04.21"]
[Round "4.6"]
[White "Mitrovic, Ratko"]
[Black "Martinovic, Veljko"]
[Result "0-1"]
[WhiteElo "1892"]
[BlackElo "2163"]
[PlyCount "59"]
[EventDate "2012.04.18"]
[EventType "team-swiss"]
[EventRounds "5"]
[EventCountry "SRB"]
[SourceTitle "CBM 148 Extra"]
[Source "ChessBase"]
[SourceDate "2012.06.22"]
[SourceVersion "1"]
[SourceVersionDate "2012.06.22"]
[SourceQuality "1"]
[WhiteTeam "BASK II"]
[BlackTeam "Bratstvo i Jedinstvo"]
[WhiteTeamCountry "SRB"]
[BlackTeamCountry "SRB"]

1. e4 e5 2. Nf3 Nc6 3. Bc4 Nf6 4. d3 Be7 5. c3 d6 6. Ng5 0-0 7. Qb3 Qe8 8. Na3 h6 9. Nf3 a6 10. Qd1 Bg4 11. h3 Bd7 12. Be3 Kh8 13. Qd2 Nh7 14. g4 Qd8 15. Bb3 Be6 16. 0-0-0 Bxb3 17. axb3 Na5 18. Kc2 b5 19. c4 c6 20. Ra1 Qc7 21. Nb1 Nb7 22. Nc3 Rfd8 23. h4 d5 24. exd5 cxd5 25. d4 dxc4 26. Nxe5 cxb3+ 27. Kxb3 Bd6 28. Nd5 Qc8 29. Nxf7+ Kg8 30. Nxd8 0-1

[Event "Belgrade-chT Quality"]
[Site "Belgrade"]
[Date "2011.10.15"]
[Round "1"]
[White "Vlatkovic, Sinisa"]
[Black "Martinovic, Veljko"]
[Result "1-0"]
[WhiteElo "2318"]
[BlackElo "2138"]
[PlyCount "61"]
[EventDate "2011.10.15"]
[EventType "team-swiss"]
[EventRounds "11"]
[EventCountry "SRB"]
[SourceTitle "EXT 2012"]
[Source "ChessBase"]
[SourceDate "2011.11.24"]
[SourceVersion "1"]
[SourceVersionDate "2011.11.24"]
[SourceQuality "1"]

1. d4 Nf6 2. c4 g6 3. g3 Bg7 4. Bg2 0-0 5. Nc3 d6 6. Nf3 c6 7. 0-0 Be6 8. d5 cxd5 9. Nd4 Bd7 10. cxd5 a5 11. h3 Na6 12. e4 Nc5 13. Re1 a4 14. Bf4 Qa5 15. a3 Rfc8 16. e5 dxe5 17. Bxe5 Qd8 18. Qe2 Ra6 19. Rad1 Rb6 20. g4 Kf8 21. Rd2 Ne8 22. Bf1 Bxe5 23. Qxe5 Nf6 24. g5 Ng8 25. Qh8 Qc7 26. Re5 f6 27. d6 fxe5 28. dxc7 exd4 29. Bc4 Be6 30. Rxd4 Bxc4 31. Rd8+ 1-0

[Event "Belgrade tt Cup"]
[Site "Belgrade"]
[Date "2011.04.14"]
[Round "2"]
[White "Martinovic, Veljko"]
[Black "Jakovljevic, Zivota"]
[Result "0-1"]
[WhiteElo "2190"]
[BlackElo "2173"]
[PlyCount "124"]
[EventDate "2011.04.13"]
[EventType "team-tourn"]
[EventRounds "5"]
[EventCountry "SRB"]
[SourceTitle "CBM 141 Extra"]
[Source "ChessBase"]
[SourceDate "2011.05.03"]
[SourceVersion "1"]
[SourceVersionDate "2011.05.03"]
[SourceQuality "1"]

1. e4 e6 2. d4 d5 3. Nc3 Nf6 4. e5 Nfd7 5. f4 c5 6. Nf3 Nc6 7. Be3 a6 8. Qd2 cxd4 9. Nxd4 Nxd4 10. Bxd4 Bc5 11. Bxc5 Nxc5 12. Bd3 Bd7 13. 0-0 Qb6 14. Kh1 g6 15. a3 Bc6 16. Nd1 Bb5 17. Nf2 Bxd3 18. cxd3 Nb3 19. Qc2 Nxa1 20. Rxa1 h5 21. Rd1 Qe3 22. d4 0-0 23. Qd2 Qxd2 24. Rxd2 Rfc8 25. g3 Rc4 26. Nd1 Rc1 27. Kg2 Rac8 28. Ne3 Kf8 29. h3 Ke7 30. g4 Re1 31. Nc2 Rb1 32. Ne3 Rcc1 33. Kg3 Rg1+ 34. Ng2 hxg4 35. hxg4 Rgd1 36. Rc2 Rbc1 37. Rf2 Rd3+ 38. Kh4 Rxd4 39. Kg5 Rcd1 40. Ne3 Rc1 41. f5 gxf5 42. gxf5 Rg1+ 43. Kh5 Re4 44. Rf3 Rxe5 45. Kh6 Rxe3 46. Rxe3 Rf1 47. fxe6 fxe6 48. Rb3 b5 49. a4 bxa4 50. Rb6 Kf6 51. Kh5 Kf5 52. Kh4 Rb1 53. Rxa6 Rxb2 54. Rxa4 Rb3 55. Ra8 e5 56. Rf8+ Ke4 57. Kg4 d4 58. Rd8 Rb7 59. Kg3 Rf7 60. Kg2 d3 61. Rd6 Ke3 62. Rd8 e4 0-1